000 00322nam a22001337a 4500
020 _a81-207-1308-7
082 _a370
_bSIN/S
100 _aSINGHA, H S
245 _aSCHOOL EDUCATION IN INDIA
260 _aDELHI
_bSTERLING PUBLISHERS
_c1991
300 _a194
650 _aCONTEMPORARY ISSUES AND TRENDS
_zINDIA
942 _cBK
999 _c5433
_d5433